[Event "Paracin 2023"]
[Site "Paracin, Serbia"]
[Date "2023.07.08"]
[Round "2.1"]
[White "Ivanisevic, Ivan"]
[Black "Stoyanov, Viktor"]
[Result "0-1"]
[WhiteElo "2536"]
[BlackElo "2258"]
[PlyCount "82"]
[EventDate "2023.??.??"]

1. d4 Nf6 2. Nf3 g6 3. Nc3 d5 4. Bf4 Bg7 5. Nb5 Na6 6. e3 O-O 7. h3 Ne4 8. Nd2
Nxd2 9. Qxd2 c6 10. Nc3 Nb8 11. Be2 Nd7 12. e4 dxe4 13. Nxe4 Nf6 14. Ng3 Be6
15. O-O b5 16. c3 Qb6 17. Be3 Qb7 18. Bh6 Rfd8 19. Bxg7 Kxg7 20. Qe3 Bd5 21. f3
Qc7 22. f4 h5 23. f5 h4 24. Nh1 Rh8 25. fxg6 fxg6 26. b3 Rae8 27. c4 bxc4 28.
bxc4 Bf7 29. Rf3 Qd6 30. Raf1 Rd8 31. Rf4 g5 32. R4f2 Qxd4 33. Qxe7 Rh6 34. Rd1
Rd7 35. Qxd7 Qxd7 36. Rxd7 Nxd7 37. Rf5 Re6 38. Bg4 Re5 39. Rf3 Nb6 40. Nf2
Re1+ 41. Kh2 Nxc4 0-1

[Event "Paracin 2023"]
[Site "Paracin, Serbia"]
[Date "2023.07.08"]
[Round "2.2"]
[White "Pranesh, M."]
[Black "Ristic, Nenad"]
[Result "1-0"]
[WhiteElo "2507"]
[BlackElo "2248"]
[PlyCount "99"]
[EventDate "2023.??.??"]

1. e4 c5 2. Nf3 d6 3. d4 cxd4 4. Nxd4 Nf6 5. Nc3 g6 6. Be3 Bg7 7. f3 O-O 8. Qd2
Nc6 9. O-O-O d5 10. exd5 Nxd5 11. Nxc6 bxc6 12. Bd4 Bxd4 13. Qxd4 Be6 14. Bc4
Qc7 15. Bxd5 Bxd5 16. h4 Rad8 17. Qe3 h5 18. Qg5 e6 19. Rd2 Kg7 20. Rhd1 Rb8
21. b3 Rb4 22. Rd4 Rxd4 23. Rxd4 Re8 24. Kb2 Qe7 25. Qxe7 Rxe7 26. Rd2 Rc7 27.
Ka3 Kf6 28. Kb4 c5+ 29. Ka5 c4 30. b4 Ke5 31. b5 Rd7 32. Kb4 f5 33. a4 Rb7 34.
a5 Kd6 35. f4 a6 36. b6 Rb8 37. g3 Rc8 38. Rd4 Kc6 39. Na4 Kd6 40. c3 Kc6 41.
Nb2 Kb7 42. Nxc4 Bxc4 43. Rxc4 Rd8 44. Rd4 Re8 45. Rd7+ Kb8 46. c4 e5 47. fxe5
Rxe5 48. c5 Re4+ 49. Kc3 Re3+ 50. Kc4 1-0

[Event "Paracin 2023"]
[Site "Paracin, Serbia"]
[Date "2023.07.08"]
[Round "2.3"]
[White "Miletic, Vuk"]
[Black "Bryakin, Mikhail"]
[Result "0-1"]
[WhiteElo "2234"]
[BlackElo "2454"]
[PlyCount "94"]
[EventDate "2023.??.??"]

1. d4 d5 2. Bf4 Nf6 3. e3 c5 4. c3 e6 5. Nd2 Bd6 6. Bg3 O-O 7. Ngf3 Qc7 8. Ne5
Nc6 9. Nxc6 Qxc6 10. Bd3 b6 11. Qe2 Bb7 12. O-O a5 13. Bxd6 Qxd6 14. Nf3 Rfd8
15. Ne5 g6 16. Rad1 Kg7 17. Qf3 Qe7 18. h4 Nd7 19. Qg3 f6 20. Nxd7 Rxd7 21. h5
Ba6 22. hxg6 Bxd3 23. Rxd3 hxg6 24. f3 Rad8 25. Rfd1 e5 26. dxe5 fxe5 27. Qg4
Qf6 28. b3 Rd6 29. Qg3 b5 30. Qf2 c4 31. R3d2 b4 32. Rc2 d4 33. cxd4 c3 34. Re1
exd4 35. exd4 Qxd4 36. Re3 Qd1+ 37. Re1 Qxe1+ 38. Qxe1 Rd1 39. Kf2 Rxe1 40.
Kxe1 Kf6 41. a3 Ke5 42. axb4 axb4 43. Ra2 Kf4 44. Kf2 Rd1 45. g3+ Ke5 46. Ke3
Rb1 47. Ra6 c2 0-1

[Event "Paracin 2023"]
[Site "Paracin, Serbia"]
[Date "2023.07.08"]
[Round "2.4"]
[White "Arnaudov, G. Petar"]
[Black "Tulchynskyi, Feliks"]
[Result "1/2-1/2"]
[WhiteElo "2450"]
[BlackElo "2248"]
[PlyCount "97"]
[EventDate "2023.??.??"]

1. Nf3 d5 2. g3 Bg4 3. Bg2 Nf6 4. c4 c6 5. Ne5 Bh5 6. cxd5 cxd5 7. Qa4+ Nbd7 8.
Nc3 e6 9. g4 Bg6 10. h4 Bc2 11. b3 Qc7 12. Nxd7 Qxd7 13. Qxd7+ Kxd7 14. g5 Ne8
15. Bb2 Bf5 16. d3 Bg4 17. f3 Bh5 18. e4 Bb4 19. exd5 Nc7 20. O-O Bxc3 21.
dxe6+ Nxe6 22. Bxc3 Nf4 23. Be5 Nxg2 24. Kxg2 f6 25. Bd4 Rhe8 26. Rf2 a6 27.
Rc1 Rac8 28. Rfc2 Rxc2+ 29. Rxc2 Rf8 30. gxf6 gxf6 31. Kg3 Ke6 32. Bb6 Bg6 33.
Rc3 Rf7 34. a4 Rd7 35. d4 Rd6 36. Bc5 Rc6 37. a5 Kd5 38. Kf4 Re6 39. Rc1 Bh5
40. Rg1 Re2 41. Rc1 Rf2 42. Rc3 Rh2 43. Kg3 Re2 44. Bb6 Kd6 45. b4 Rb2 46. Rc5
Bf7 47. Rc7 Bd5 48. Rc3 Rb3 49. Rxb3 1/2-1/2

[Event "Paracin 2023"]
[Site "Paracin, Serbia"]
[Date "2023.07.08"]
[Round "2.5"]
[White "Ajay, Karthikeyan"]
[Black "Vatsal, Singhania"]
[Result "0-1"]
[WhiteElo "2441"]
[BlackElo "2227"]
[PlyCount "102"]
[EventDate "2023.??.??"]

1. e4 c5 2. Nf3 d6 3. Bb5+ Nd7 4. O-O Ngf6 5. Re1 a6 6. Bf1 b6 7. a4 Bb7 8. Nc3
e6 9. b3 Be7 10. Bb2 O-O 11. g3 Qc7 12. Bg2 Rfe8 13. d4 cxd4 14. Nxd4 d5 15.
exd5 exd5 16. Nf5 Bb4 17. Qd4 a5 18. Rxe8+ Rxe8 19. Rc1 Bc5 20. Qd2 Qe5 21. Nh4
Ng4 22. Rf1 Ba6 23. Nd1 Nxf2 24. Bxe5 Ne4+ 25. Qd4 Nxe5 26. Qxc5 Nxc5 27. Re1
g5 28. Nf5 Nf3+ 29. Bxf3 Rxe1+ 30. Kf2 Re5 31. Nde3 Ne4+ 32. Kg2 Bc8 33. Nd4
Nd2 34. Kf2 Nxf3 35. Nxf3 Re6 36. Nxg5 Rf6+ 37. Ke1 Be6 38. Ke2 d4 39. Ne4 Rh6
40. Nf1 Bf5 41. Kd3 Rc6 42. Nfd2 Rc3+ 43. Kxd4 Rxc2 44. h4 Kg7 45. Kd5 h5 46.
Kd4 Kg6 47. Kd5 f6 48. Kd4 Bxe4 49. Nxe4 Rg2 50. Ke3 f5 51. Kf3 Rb2 0-1

[Event "Paracin 2023"]
[Site "Paracin, Serbia"]
[Date "2023.07.08"]
[Round "2.6"]
[White "Zhukov, Anton"]
[Black "Atalik, Suat"]
[Result "1/2-1/2"]
[WhiteElo "2215"]
[BlackElo "2438"]
[PlyCount "85"]
[EventDate "2023.??.??"]

1. d4 d5 2. c4 e6 3. Nf3 Nf6 4. g3 Nbd7 5. Bg2 dxc4 6. a4 a5 7. O-O Be7 8. Nbd2
Nb6 9. Qc2 Nfd5 10. Nxc4 Nb4 11. Qc3 Nxc4 12. Qxc4 O-O 13. Bd2 c6 14. Bxb4 Bxb4
15. Rfd1 Qe7 16. Ne5 Rd8 17. Rac1 Bd7 18. e4 Be8 19. Qc2 c5 20. dxc5 Rxd1+ 21.
Rxd1 Bxc5 22. Nc4 Qc7 23. b3 Rc8 24. Bf1 Bc6 25. Bd3 g6 26. Qe2 b6 27. Ne3 h5
28. Bb5 Bxe3 29. Qxe3 Bxb5 30. axb5 Qc5 31. Qd3 Kg7 32. Qd7 h4 33. Kg2 Qh5 34.
h3 Rc5 35. Rd3 g5 36. g4 Qg6 37. Rf3 Re5 38. Qd4 Qxe4 39. Qxb6 f5 40. Qd8 f4
41. Qe7+ Kg6 42. Qe8+ Kg7 43. Qe7+ 1/2-1/2

[Event "Paracin 2023"]
[Site "Paracin, Serbia"]
[Date "2023.07.08"]
[Round "2.7"]
[White "Urazayev, Arystanbek"]
[Black "Vaz, Ethan"]
[Result "1-0"]
[WhiteElo "2427"]
[BlackElo "2226"]
[PlyCount "115"]
[EventDate "2023.??.??"]

1. e4 c5 2. Nf3 Nc6 3. Bb5 e5 4. O-O Bd6 5. d4 Nxd4 6. Bc4 h6 7. Nxd4 cxd4 8.
c3 Nf6 9. cxd4 Bc7 10. Nc3 O-O 11. Bb3 d6 12. Be3 Qe7 13. Rc1 Bb6 14. dxe5 dxe5
15. Bxb6 axb6 16. Qe2 Be6 17. Qb5 Bxb3 18. Qxb3 Qe6 19. Qxe6 fxe6 20. Rfd1 Rfd8
21. f3 Kf7 22. Kf2 Ke7 23. Rxd8 Kxd8 24. Ke3 Rc8 25. Rd1+ Ke7 26. Rd2 Rc5 27.
Kd3 Ne8 28. Rc2 Kd7 29. Nd1 Rxc2 30. Kxc2 Kc6 31. Ne3 Nd6 32. Ng4 Nf7 33. Kc3
b5 34. Nf2 h5 35. h4 g5 36. hxg5 Nxg5 37. Nd3 Nf7 38. Kb4 Kb6 39. Nc5 Ng5 40.
Nd7+ Kc6 41. Nxe5+ Kd6 42. Ng6 Kc6 43. b3 Kb6 44. a3 Kc6 45. Kc3 Kd6 46. Kd4
e5+ 47. Ke3 Ke6 48. Nxe5 b6 49. Nc6 Kd6 50. Nd4 Kc5 51. f4 Nf7 52. b4+ Kc4 53.
e5 Kd5 54. Nxb5 Nh6 55. Nd6 Ng4+ 56. Kf3 Ke6 57. Nc4 b5 58. Nd6 1-0

[Event "Paracin 2023"]
[Site "Paracin, Serbia"]
[Date "2023.07.08"]
[Round "2.8"]
[White "Afanasiev, Vadim"]
[Black "Damljanovic, Branko"]
[Result "0-1"]
[WhiteElo "2213"]
[BlackElo "2422"]
[PlyCount "82"]
[EventDate "2023.??.??"]

1. d4 Nf6 2. c4 d6 3. Nc3 Nbd7 4. e4 e5 5. Nf3 Be7 6. Be2 O-O 7. O-O c6 8. Rb1
Re8 9. b4 Qc7 10. Qc2 Nf8 11. Re1 Bg4 12. Be3 a5 13. a3 axb4 14. axb4 Bxf3 15.
Bxf3 Ne6 16. Ne2 h6 17. g3 Ra3 18. Rb3 Rxb3 19. Qxb3 Ng5 20. Bxg5 hxg5 21. dxe5
dxe5 22. c5 g4 23. Bg2 b6 24. cxb6 Qxb6 25. Rb1 Rb8 26. Qc3 Qb5 27. Nc1 Bxb4
28. Qc2 Rd8 29. Bf1 Qc5 30. Bd3 Qxc2 31. Bxc2 Rd4 32. Na2 c5 33. Nc1 Rd2 34.
Bb3 Nxe4 35. Na2 Nxf2 36. Nxb4 cxb4 37. Rf1 Nh3+ 38. Kh1 Ng5 39. Bd1 b3 40.
Bxg4 b2 41. h4 Ne4 0-1

[Event "Paracin 2023"]
[Site "Paracin, Serbia"]
[Date "2023.07.08"]
[Round "2.9"]
[White "Vignesh, B."]
[Black "Tsvetkov, Andrey"]
[Result "1-0"]
[WhiteElo "2197"]
[BlackElo "2412"]
[PlyCount "63"]
[EventDate "2023.??.??"]

1. e4 c5 2. Nf3 d6 3. c3 Nf6 4. Bc4 Nxe4 5. Qa4+ Nc6 6. Bxf7+ Kxf7 7. Qxe4 Qd7
8. d4 cxd4 9. cxd4 Qg4 10. Qe3 Nb4 11. O-O Nd5 12. Qb3 e6 13. h3 Qg6 14. Nc3
Nxc3 15. bxc3 Be7 16. Bf4 Rf8 17. Rfe1 Kg8 18. Bg3 b6 19. c4 Bb7 20. d5 Rf6 21.
Rad1 Rc8 22. Qa4 Bf8 23. Qxa7 Ba8 24. Qxb6 Rxc4 25. Nd2 Rc8 26. Ne4 Rf5 27.
dxe6 h5 28. Nxd6 Rc6 29. Qb8 Rxf2 30. Qxa8 Rxg2+ 31. Kxg2 Rc2+ 32. Kh1 1-0

[Event "Paracin 2023"]
[Site "Paracin, Serbia"]
[Date "2023.07.08"]
[Round "2.10"]
[White "Wen, Tommy"]
[Black "Valiyev, Shahin"]
[Result "1-0"]
[WhiteElo "2406"]
[BlackElo "2220"]
[PlyCount "53"]
[EventDate "2023.??.??"]

1. e4 c5 2. Nf3 d6 3. d4 cxd4 4. Nxd4 Nf6 5. Nc3 a6 6. f4 e5 7. Nb3 Be7 8. fxe5
dxe5 9. Qxd8+ Bxd8 10. Be3 b5 11. Be2 Nbd7 12. a4 b4 13. Nd5 Bb7 14. O-O-O Nxd5
15. exd5 Rc8 16. Rhf1 h5 17. g4 hxg4 18. Bxg4 Rxh2 19. Nc5 Rxc5 20. Bxd7+ Kxd7
21. Bxc5 Bg5+ 22. Kb1 f6 23. Bxb4 e4 24. c4 e3 25. Rh1 Rxh1 26. Rxh1 f5 27. Rh5
1-0

[Event "Paracin 2023"]
[Site "Paracin, Serbia"]
[Date "2023.07.08"]
[Round "2.11"]
[White "Nurgali, Nazerke"]
[Black "Perunovic, Miodrag"]
[Result "1-0"]
[WhiteElo "2192"]
[BlackElo "2405"]
[PlyCount "109"]
[EventDate "2023.??.??"]

1. d4 Nf6 2. Nf3 e6 3. g3 d5 4. Bg2 Be7 5. O-O Ne4 6. c4 f5 7. Qc2 c6 8. Nbd2
Nd7 9. b3 O-O 10. Bb2 Qe8 11. Ne1 Qh5 12. f3 Ng5 13. Nd3 Nh3+ 14. Kh1 g5 15. e4
Rf6 16. Bxh3 Qxh3 17. Nf2 Qh5 18. Kg2 Rh6 19. Rh1 fxe4 20. fxe4 Nf6 21. h3 Bd7
22. e5 Ne8 23. c5 Qf7 24. Ng4 Rg6 25. Rhf1 Qg7 26. Rf2 h5 27. Ne3 g4 28. h4 Nc7
29. Raf1 Rf8 30. Kg1 Rxf2 31. Rxf2 Qh6 32. Ng2 Be8 33. Nf1 Kh8 34. Bc1 Qg7 35.
Nf4 Rh6 36. Ne3 Bf7 37. b4 Bg8 38. Qd2 Rh7 39. Neg2 Bf7 40. Qd3 Kg8 41. a4 a6
42. Bd2 Rh6 43. Qe3 Rh8 44. Qd3 Rh7 45. b5 axb5 46. Ba5 Ne8 47. axb5 Kh8 48.
bxc6 bxc6 49. Qa6 Qg8 50. Qxc6 Ng7 51. Ne3 Be8 52. Qa6 Rh6 53. Nfxd5 Bf8 54.
Nf6 Qf7 55. Nfxg4 1-0

[Event "Paracin 2023"]
[Site "Paracin, Serbia"]
[Date "2023.07.08"]
[Round "2.12"]
[White "Mamatov, Melis"]
[Black "Akhmedov, David"]
[Result "1/2-1/2"]
[WhiteElo "2403"]
[BlackElo "2213"]
[PlyCount "280"]
[EventDate "2023.??.??"]

1. e4 c5 2. Nf3 d6 3. d4 cxd4 4. Nxd4 Nf6 5. Nc3 a6 6. h3 e6 7. g4 h6 8. Rg1
Nc6 9. Be3 Be7 10. h4 h5 11. gxh5 Nxh5 12. Bg5 Nf6 13. Nxc6 bxc6 14. Qf3 e5 15.
Bc4 Be6 16. Bxe6 fxe6 17. O-O-O d5 18. Qg3 Qc7 19. f3 O-O-O 20. Qh3 Qd7 21. Na4
Qd6 22. c4 Kc7 23. Bd2 Kb8 24. c5 Qd7 25. Rxg7 Nh5 26. Rgg1 Rhf8 27. Ba5 Nf4
28. Qf1 Rde8 29. Qxa6 Bxh4 30. Bd2 Qb7 31. Qxb7+ Kxb7 32. Rg7+ Re7 33. Rxe7+
Bxe7 34. Bxf4 Rxf4 35. Rd3 dxe4 36. fxe4 Rxe4 37. Rd7+ Kb8 38. Nc3 Bg5+ 39. Kc2
Rf4 40. Rd6 Rf2+ 41. Kb3 Bc1 42. Rxc6 Rxb2+ 43. Kc4 Rc2 44. Kd3 Rd2+ 45. Ke4
Rb2 46. Rxe6 Rc2 47. Rb6+ Kc8 48. Kd3 Rd2+ 49. Kc4 Rc2 50. Kd3 Rd2+ 51. Ke4 Rc2
52. Rc6+ Kd7 53. Rd6+ Kc8 54. Kd3 Rd2+ 55. Kc4 Rc2 56. Kb3 Rb2+ 57. Ka4 Rc2 58.
Kb3 Rb2+ 59. Kc4 Rc2 60. Kd3 Rd2+ 61. Ke4 Rc2 62. Nd5 Rxc5 63. Kxe5 Bb2+ 64.
Ke6 Rc2 65. a4 Re2+ 66. Kf5 Kb7 67. a5 Ba1 68. Kg4 Re4+ 69. Kf5 Ra4 70. Rb6+
Ka7 71. Rb5 Ka6 72. Nc7+ Ka7 73. Ke6 Re4+ 74. Kd6 Rd4+ 75. Kc6 Rc4+ 76. Kd7 Rh4
77. Rb1 Rh7+ 78. Kc8 Rh8+ 79. Kd7 Rh7+ 80. Kc6 Rh6+ 81. Kc5 Rh5+ 82. Nd5 Bc3
83. Kc6 Bxa5 84. Ra1 Ka6 85. Nb4+ Ka7 86. Nd3 Rh6+ 87. Kb5 Rb6+ 88. Kc4 Rc6+
89. Kd5 Rc3 90. Nc5 Rc2 91. Kc6 Kb8 92. Rxa5 Rc1 93. Ra2 Rc3 94. Kb6 Rc1 95.
Rg2 Rb1+ 96. Kc6 Rc1 97. Rg7 Ka8 98. Rh7 Rc2 99. Rh1 Kb8 100. Rf1 Rc4 101. Rf8+
Ka7 102. Rf7+ Kb8 103. Rb7+ Kc8 104. Rh7 Kd8 105. Kd6 Rd4+ 106. Ke6 Rd1 107.
Nb7+ Kc8 108. Nd6+ Kb8 109. Rb7+ Ka8 110. Rb4 Rh1 111. Kd7 Rh7+ 112. Kc6 Rh6
113. Rg4 Ka7 114. Rg3 Re6 115. Rg7+ Ka6 116. Rg4 Ka7 117. Ra4+ Kb8 118. Rb4+
Ka7 119. Kd5 Rh6 120. Nf7 Rb6 121. Rf4 Rb5+ 122. Kc6 Rb6+ 123. Kc5 Rb1 124. Ne5
Kb7 125. Rf7+ Kc8 126. Nd3 Rd1 127. Nb4 Rc1+ 128. Kd6 Rd1+ 129. Nd5 Rd2 130.
Rf1 Rd4 131. Rc1+ Kd8 132. Ra1 Ke8 133. Ke5 Rd2 134. Ra8+ Kf7 135. Ra7+ Ke8
136. Nc7+ Kd8 137. Nb5 Re2+ 138. Kd5 Rd2+ 139. Nd4 Rd1 140. Rh7 Kc8 1/2-1/2

[Event "Paracin 2023"]
[Site "Paracin, Serbia"]
[Date "2023.07.08"]
[Round "2.13"]
[White "Kairbekova, Amina"]
[Black "Dvalishvili, Pavel S."]
[Result "1/2-1/2"]
[WhiteElo "2173"]
[BlackElo "2394"]
[PlyCount "44"]
[EventDate "2023.??.??"]

1. e4 c5 2. Nf3 e6 3. d4 cxd4 4. Nxd4 a6 5. c4 Nf6 6. Nc3 Bb4 7. Qd3 d5 8. exd5
exd5 9. Be2 Nc6 10. Nxc6 bxc6 11. O-O O-O 12. cxd5 Nxd5 13. Nxd5 Qxd5 14. Qxd5
cxd5 15. Bf4 Re8 16. Bf3 Be6 17. Rfd1 Rad8 18. Rac1 h6 19. h3 g5 20. Bg3 Bd6
21. Bxd6 Rxd6 22. Rd4 Kg7 1/2-1/2

[Event "Paracin 2023"]
[Site "Paracin, Serbia"]
[Date "2023.07.08"]
[Round "2.14"]
[White "Djordjevic, Vuk"]
[Black "Poleksic, Dusan"]
[Result "1-0"]
[WhiteElo "2385"]
[BlackElo "2151"]
[PlyCount "81"]
[EventDate "2023.??.??"]

1. d4 Nf6 2. Bg5 Ne4 3. Bf4 c5 4. f3 Nf6 5. dxc5 Nc6 6. e4 e5 7. Be3 d5 8. cxd6
Bxd6 9. Bd3 O-O 10. Ne2 Be6 11. O-O Nb4 12. Nbc3 Qa5 13. a3 Bc5 14. Bf2 Nxd3
15. Qxd3 Rfd8 16. Qb5 Qxb5 17. Nxb5 Bc4 18. Nbc3 Bd4 19. Rfe1 Bxf2+ 20. Kxf2
Rd2 21. Rac1 Rad8 22. Red1 Kf8 23. Rxd2 Rxd2 24. Ke3 Rd7 25. b3 Be6 26. Na4 Rc7
27. c4 Bd7 28. Nb2 Bc6 29. b4 b6 30. Nd3 Nd7 31. Nc3 Rc8 32. g3 Bb7 33. Nb5 Ba6
34. a4 Bxb5 35. axb5 f6 36. f4 Ke7 37. c5 Rc7 38. c6 exf4+ 39. Nxf4 Rc8 40.
Nd5+ Kd8 41. Rd1 1-0

[Event "Paracin 2023"]
[Site "Paracin, Serbia"]
[Date "2023.07.08"]
[Round "2.15"]
[White "Uskov, Artem"]
[Black "Vujacic, Igor"]
[Result "1-0"]
[WhiteElo "2371"]
[BlackElo "2145"]
[PlyCount "85"]
[EventDate "2023.??.??"]

1. e4 d5 2. exd5 Qxd5 3. Nc3 Qd8 4. d4 Nf6 5. Nf3 Bg4 6. h3 Bxf3 7. Qxf3 c6 8.
Be3 e6 9. O-O-O Bb4 10. Bd2 Bxc3 11. Bxc3 Qd5 12. Qxd5 cxd5 13. Bd3 Nc6 14. g4
O-O-O 15. Rhe1 g6 16. b4 h5 17. b5 Ne7 18. Bb4 Kd7 19. f3 hxg4 20. hxg4 Rh3 21.
Rf1 Ne8 22. f4 Nd6 23. f5 gxf5 24. Bxd6 Kxd6 25. gxf5 Rg8 26. fxe6 fxe6 27. Rf6
Rgg3 28. Rdf1 Kd7 29. Rf7 Kd6 30. Rf8 Rg8 31. R8f6 Rgg3 32. R1f2 Kd7 33. Rf7
Rh4 34. Rf8 Rg8 35. R8f6 Rxd4 36. Re2 Rg7 37. Rfxe6 Ra4 38. b6 Ra5 39. bxa7
Rxa2 40. Ba6 Rg8 41. Rxe7+ Kd6 42. R2e6+ Kc5 43. Rc7+ 1-0

[Event "Paracin 2023"]
[Site "Paracin, Serbia"]
[Date "2023.07.08"]
[Round "2.16"]
[White "Aaditya, Dhingra"]
[Black "Pikula, Dejan"]
[Result "1-0"]
[WhiteElo "2144"]
[BlackElo "2339"]
[PlyCount "95"]
[EventDate "2023.??.??"]

1. e4 d5 2. exd5 Qxd5 3. Nc3 Qd6 4. d4 Nf6 5. Nf3 a6 6. Bc4 b5 7. Bb3 Bb7 8.
Ne5 e6 9. Bf4 Qd8 10. Qe2 Qe7 11. O-O-O c6 12. Rhe1 Nd5 13. Nxd5 cxd5 14. a4
Nd7 15. axb5 Nxe5 16. Bxe5 Qb4 17. Qd2 Qxd2+ 18. Kxd2 axb5 19. Ra1 Rxa1 20.
Rxa1 Kd7 21. c3 f6 22. Bg3 g6 23. Bd1 Bh6+ 24. Kc2 Ra8 25. Rxa8 Bxa8 26. Be2
Bc6 27. Kb3 Bf8 28. Bb8 Kc8 29. Bf4 g5 30. Bg3 Kb7 31. h4 h6 32. f4 gxf4 33.
Bxf4 Be8 34. g4 Kc6 35. Bd3 Bg7 36. Kb4 Kb6 37. Bd6 e5 38. Bc5+ Ka6 39. dxe5
fxe5 40. g5 hxg5 41. hxg5 Bd7 42. Be7 d4 43. Be4 Bg4 44. Kc5 Be2 45. cxd4 exd4
46. Bf6 Bf8+ 47. Kxd4 Ka5 48. g6 1-0

[Event "Paracin 2023"]
[Site "Paracin, Serbia"]
[Date "2023.07.08"]
[Round "2.17"]
[White "Yatzenko, Anton"]
[Black "Rohit, S."]
[Result "1/2-1/2"]
[WhiteElo "2335"]
[BlackElo "2109"]
[PlyCount "209"]
[EventDate "2023.??.??"]

1. d4 d5 2. c4 e6 3. Nf3 a6 4. cxd5 exd5 5. Bg5 Be7 6. Bxe7 Qxe7 7. Nc3 Nf6 8.
e3 Bf5 9. Bd3 Bxd3 10. Qxd3 O-O 11. O-O Nbd7 12. Rac1 c6 13. Qf5 Rfd8 14. Rc2
Ne8 15. Qf4 Nd6 16. Rfc1 Re8 17. h3 Qf8 18. Na4 Re6 19. Nc5 Nxc5 20. dxc5 Ne8
21. Rc3 Re4 22. Qg3 a5 23. Nd4 Nf6 24. f3 Re7 25. Nf5 Rd7 26. Rb3 Kh8 27. Qf4
Ne8 28. Qg4 Nf6 29. Qd4 Ng8 30. Rb6 Ne7 31. Nd6 Nc8 32. Rxb7 Rxb7 33. Nxb7 Qe7
34. Nd6 Nxd6 35. cxd6 Qxd6 36. Qc5 Qxc5 37. Rxc5 Ra6 38. Kf2 Kg8 39. e4 dxe4
40. Re5 g6 41. Rxe4 a4 42. Re2 Kf8 43. Ke1 Rb6 44. Kd1 h5 45. Kc2 Rb5 46. Re4
Rc5+ 47. Kd3 Ra5 48. Kc4 a3 49. b3 Rb5 50. Re2 h4 51. Rc2 Ke7 52. b4 Rd5 53.
Kb3 Rd3+ 54. Rc3 Rd2 55. Rxc6 Rxg2 56. Rc7+ Ke6 57. Kxa3 Rg3 58. b5 Rxf3+ 59.
Kb4 Rxh3 60. b6 Rh1 61. b7 Rb1+ 62. Ka5 h3 63. Rc6+ Kd7 64. Rb6 Rxb6 65. Kxb6
h2 66. b8=Q h1=Q 67. Qc7+ Ke6 68. Qc8+ Ke7 69. Qc5+ Kf6 70. a4 Qb1+ 71. Kc7 g5
72. a5 g4 73. a6 Qa2 74. a7 Kg7 75. Qg5+ Kh7 76. Qh5+ Kg7 77. Qxg4+ Kh6 78.
Qh4+ Kg7 79. Qg5+ Kh7 80. Qf5+ Kh6 81. Qc5 Kg7 82. Qd4+ f6 83. Qd7+ Kh6 84. Kb8
Qb3+ 85. Kc8 Qc4+ 86. Qc7 Qg8+ 87. Kb7 Qb3+ 88. Qb6 Qf7+ 89. Ka6 Qa2+ 90. Qa5
Qe6+ 91. Kb7 Qd7+ 92. Kb8 Qe8+ 93. Kc7 Qe7+ 94. Kc6 Qe6+ 95. Kc5 Qe5+ 96. Kb4
Qe1+ 97. Kb5 Qe2+ 98. Kb6 Qe6+ 99. Kb7 Qd7+ 100. Qc7 Qb5+ 101. Qb6 Qd7+ 102.
Kb8 Qe8+ 103. Kc7 Qe7+ 104. Kc6 Qe6+ 105. Kb7 1/2-1/2

[Event "Paracin 2023"]
[Site "Paracin, Serbia"]
[Date "2023.07.08"]
[Round "2.18"]
[White "Vershinin, Igor"]
[Black "Shahil, Dey"]
[Result "1/2-1/2"]
[WhiteElo "2027"]
[BlackElo "2333"]
[PlyCount "137"]
[EventDate "2023.??.??"]

1. e4 c5 2. Nf3 e6 3. Nc3 a6 4. g3 Nc6 5. Bg2 b5 6. O-O Bb7 7. Re1 Nge7 8. Nd5
Ng6 9. c3 c4 10. d4 cxd3 11. Qxd3 Bc5 12. Be3 d6 13. Nf4 Nge5 14. Nxe5 Nxe5 15.
Qe2 O-O 16. Rad1 Qc7 17. Bd4 Rac8 18. Nh5 Rce8 19. Qd2 f6 20. Qe2 Ng6 21. Rd2
e5 22. Bxc5 dxc5 23. Bh3 Rf7 24. Red1 Nf8 25. Rd6 Qe7 26. Qe3 Kh8 27. Bg4 g6
28. Nxf6 Rxf6 29. Rd7 Nxd7 30. Rxd7 Qf8 31. Rxb7 Re7 32. Rxe7 Qxe7 33. h4 h5
34. Qh6+ Qh7 35. Qg5 Qf7 36. Bc8 Kh7 37. f4 Rc6 38. Bh3 Qf6 39. Qxe5 Qxe5 40.
fxe5 Rc7 41. Kf2 Re7 42. Bc8 Kg7 43. Ke3 a5 44. e6 Kf6 45. Kf4 Re8 46. Bd7 Rf8
47. Bxb5 Kxe6+ 48. Ke3 Ke5 49. b3 Rg8 50. Be2 Rd8 51. Bd3 g5 52. hxg5 Rg8 53.
Kf3 Rxg5 54. a3 Rg8 55. b4 c4 56. Bxc4 Rc8 57. Bb5 Rxc3+ 58. Kg2 Rb3 59. Be8
Rxa3 60. bxa5 h4 61. gxh4 Kxe4 62. h5 Rxa5 63. Kf2 Kf4 64. Bf7 Ra3 65. Ke2 Ra7
66. Bg6 Rd7 67. h6 Kg5 68. h7 Rxh7 69. Bxh7 1/2-1/2

[Event "Paracin 2023"]
[Site "Paracin, Serbia"]
[Date "2023.07.08"]
[Round "2.19"]
[White "Becker, Marcel"]
[Black "Barath, Kalyan M"]
[Result "1/2-1/2"]
[WhiteElo "2323"]
[BlackElo "2020"]
[PlyCount "73"]
[EventDate "2023.??.??"]

1. d4 Nf6 2. c4 g6 3. Nc3 Bg7 4. e4 d6 5. f3 c5 6. d5 O-O 7. Nge2 e6 8. Ng3
exd5 9. cxd5 h5 10. Bg5 Nbd7 11. Be2 a6 12. a4 Qe8 13. Qd2 Nh7 14. Bh6 h4 15.
Nf1 f5 16. Bxg7 Kxg7 17. exf5 h3 18. g3 Ne5 19. Ne3 gxf5 20. f4 Ng4 21. Bxg4
fxg4 22. O-O Qg6 23. Rae1 Bd7 24. b4 b6 25. Nc4 Rae8 26. Nxb6 Bf5 27. bxc5 dxc5
28. a5 Bd3 29. Rxe8 Rxe8 30. Re1 Nf6 31. Rxe8 Qxe8 32. Kf2 Ne4+ 33. Nxe4 Qxe4
34. Qe3 Qg2+ 35. Ke1 Qxh2 36. Qe7+ Kg8 37. Qe8+ 1/2-1/2

[Event "Paracin 2023"]
[Site "Paracin, Serbia"]
[Date "2023.07.08"]
[Round "2.20"]
[White "Munkhbayar, Gijir"]
[Black "Itgelt, Khuyagtsogt"]
[Result "0-1"]
[WhiteElo "2005"]
[BlackElo "2321"]
[PlyCount "92"]
[EventDate "2023.??.??"]

1. e4 e6 2. d4 d5 3. Nc3 Bb4 4. e5 c5 5. a3 Bxc3+ 6. bxc3 Qa5 7. Bd2 Qa4 8. h4
Nc6 9. Nf3 b6 10. h5 Ba6 11. h6 gxh6 12. Rh4 Bxf1 13. Kxf1 Nge7 14. Rxh6 cxd4
15. Ng5 Nxe5 16. Nxe6 fxe6 17. Rxe6 N5g6 18. Bg5 Qd7 19. Qe2 O-O-O 20. Bxe7 d3
21. cxd3 Nf4 22. Qe3 Nxe6 23. Bxd8 Rxd8 24. a4 Nc5 25. Re1 Nxa4 26. Qg5 Re8 27.
Rxe8+ Qxe8 28. Qxd5 Kc7 29. c4 Nc5 30. Kg1 Qe1+ 31. Kh2 Qe6 32. Qa8 Qd6+ 33. g3
a5 34. f4 Qxd3 35. Qh8 a4 36. Qe5+ Qd6 37. Qg7+ Qd7 38. Qe5+ Kb7 39. f5 a3 40.
f6 a2 41. Qa1 Qd2+ 42. Kh3 Nb3 43. Qh1+ Kc7 44. f7 Qh6+ 45. Kg4 Qg7+ 46. Kh3
Qxf7 0-1